000 00700nam a2200265Ia 4500
005 20260121170501.0
008 008 260114s9999 xx 000 0 eng d
020 _a9789811082139
037 _aEBOOK
040 _aCRL
040 _beng
040 _cCRL
041 _2eng
041 _aeng
084 _qCRL
100 _aAmit Kumar Singh
_91064438
245 0 _aAnalysis and Design of Power Converter Topologies for Application in Future More Electric Aircraft
260 _bSpringer
260 _bSpringer
260 _c2018
856 _uhttps://link.springer.com/openurl?genre=book&isbn=978-981-10-8213-9
942 _cEBOOK
999 _c1630167
_d1630167